000 00736nam a2200217Ia 4500
003 GCL
008 140319s9999 xx 000 0 ara d
040 _aGCL /
_cGCL
082 0 4 _aق
_b962.062
_bم ج
100 1 _aمحمد امين حسونة
245 1 0 _aجمهورية مصر فى عامها الاول /
_cمحمد امين حسونة
300 _a601 ص
490 _a100 قصة
_v0
650 0 4 _aالاحوال الاجتماعية
650 0 4 _aالتنمية الاجتماعية
650 0 4 _aالاحوال الاقتصادية
650 0 4 _aالتنمية الاقتصادية
650 0 4 _aثورة 23 يوليو 1952
650 0 4 _aمصر - تاريخ - العصر الحديث (1805 - 1956 )
942 _2ddc
_cBK
999 _c45704
_d45704